| 000 | 00455nam a22001817a 4500 | ||
|---|---|---|---|
| 003 | MPLRDC | ||
| 005 | 20220104151927.0 | ||
| 008 | 210129b ||||| |||| 00| 0 eng d | ||
| 082 | _a490.7 BSYF c.2 | ||
| 100 | _a白神义夫 | ||
| 245 |
_a华侨赚钱法宝 _c左秀灵等合译 |
||
| 250 | _a13版 | ||
| 260 |
_a _b希代书版有限公司 _c1975 |
||
| 300 | _b平 | ||
| 490 | _a畅销丛书 | ||
| 650 | _a商学总论 | ||
| 942 |
_cBK _o490.7 BSYF c.2 |
||
| 999 |
_c52622 _d52612 |
||